| 000 | 00554nam a2200181Ia 4500 | ||
|---|---|---|---|
| 008 | 090124s9999 xx 000 0 und d | ||
| 082 | _b116838 | ||
| 100 | _aखानोलकर चि.त्र्यं. | ||
| 245 | _a संगीत अभोगी | ||
| 250 | _a1 | ||
| 260 | _c1976 | ||
| 300 | _a73 | ||
| 600 | _aखानोलकर चि.त्र्यं. | ||
| 630 | _a संगीत अभोगी | ||
| 700 | _aखानोलकर चि.त्र्यं. | ||
| 730 | _a संगीत अभोगी | ||
| 942 | _cBOOK | ||
| 999 |
_c162924 _d162924 |
||